Представление документа в формате RUSMARC

ПолеНазваниеЗначение
  Тип записи a
  Библиографический уровень a
001 Контрольный номер RU/CBS_UL/BASE/591464510
005 Дата корректировки 20240209175230.1
100 Данные общей обработки __
a Данные общей обработки 20180928d2018 ||| 0rusy0189 ca
101 Язык документа 0_
a Язык текста rus
102 Страна публикации __
a Страна публикации RU
105 Кодированные данные (монография) __
a Кодированные данные (монография) y###||||000|y
200 Заглавие и сведения об ответственности 1_
a Заглавие Дом без опасности
b Общее обозначение материала Текст
e Сведения, относящиеся к заглавию [какой риск для здоровья могут представлять бытовая электротехника, эмалированная посуда, бытовая химия; как соедержать домашнюю аптечку; что делать, если разбит ртутный градусник]
f Первые сведения об ответственности Е. Шумкова
300 Общие примечания __
a Общие примечания Ограничения по возрасту - 6+
461 Уровень набора _0
1 2000
a Здоровье школьника
463 Уровень физической единицы _0
1 001RU/CBS_UL/BASE/591216222
1 2000
a № 9
v С. 60-63
1 210
d 2018
606 Тематические рубрики 0_
a Основная рубрика Гигиена жилых помещений
610 Ключевые слова 0_
a Ключевые слова быт
a Ключевые слова гигиена
a Ключевые слова здоровье
a Ключевые слова излучение электромагнитное
a Ключевые слова вещества химические
a Ключевые слова ртуть
a Ключевые слова градусник
a Ключевые слова эмаль
a Ключевые слова аптечка
686 Индексы других классификаций __
a Классификационный индекс 51.2
2 Код системы ББК
700 Автор _1
a Фамилия Шумкова
b Имя (инициалы) Е.
801 Источник записи _0
a Страна RU
b Организация МБУК ЦБС г. Ульяновска
c Дата составления 20180928
g Правила каталогизации RCR
801 Источник записи _1
a Страна RU
b Организация МБУК ЦБС г. Ульяновска
c Дата составления 20180928
g Правила каталогизации RCR
901 Тип документа __
t Тип документа b
w Контрольный № источника RU/CBS_UL/BASE/591216222
910 Корректоры записи __
a Корректор записи Библиотека 18
938 Служебная информация __
a Имя БД period